Estudio de factibilidad del proyecto construcción de un mini acueducto por bombeo eléctrico MABE en las comunidades Colmena Arriba y la Esperanza, del municipio de la concordia, Jinotega
El propósito de este trabajo es de diseñar la construcción un mini acueducto por bombeo eléctrico, para el abastecimiento de agua potable apta para el consumo humano, en las comunidades Colmena Arriba y La Esperanza, del Municipio de la Concordia, Jinotega.
| Main Authors: | , , |
|---|---|
| Other Authors: | |
| Format: | Tesis Section = Libro |
| Language: | Undetermined Spanish |
| Published: |
Managua
UNI
2017
|
| Subjects: |
| LEADER | 01320nam a2200289Ia 4500 | ||
|---|---|---|---|
| 008 | 240830s9999 xx 000 0 und d | ||
| 040 | |a BIBLIOTECA-RUPAP Mon 628.72 M617 | ||
| 041 | |a spa | ||
| 082 | |a Mon 628.72 M617 | ||
| 100 | 1 | |a Meza González, Celso Alí | |
| 100 | 1 | |b Martínez Gutiérrez, Daybelis Roxany | |
| 100 | 1 | |c Zeledón Téllez, Luis Enrique | |
| 245 | 1 | 0 | |a Estudio de factibilidad del proyecto construcción de un mini acueducto por bombeo eléctrico MABE en las comunidades Colmena Arriba y la Esperanza, del municipio de la concordia, Jinotega |
| 260 | |a Managua |b UNI |c 2017 | ||
| 300 | |a 120 p. :il. | ||
| 500 | |a Contiene: anexos y CD. | ||
| 502 | |a Tesis (Ingeniero Civil)- UNI, 2017. | ||
| 520 | 3 | |a El propósito de este trabajo es de diseñar la construcción un mini acueducto por bombeo eléctrico, para el abastecimiento de agua potable apta para el consumo humano, en las comunidades Colmena Arriba y La Esperanza, del Municipio de la Concordia, Jinotega. | |
| 650 | 7 | |a ACUEDUCTOS-DISEÑO Y CONSTRUCCION | |
| 650 | 7 | |b AGUA POTABLE | |
| 650 | 7 | |c SISTEMAS DE ABASTECIMIENTO DE AGUA POTABLE-DISEÑO | |
| 650 | 7 | |d ESTUDIO DE FACTIBILIDAD | |
| 650 | 7 | |e SUMINISTRO DE AGUA | |
| 700 | 1 | |a Tutor: |b Molina Lagos, Yader Arnulfo | |
| 942 | |c BK |2 ddc | ||
| 991 | |a TESIS | ||
| 999 | |c 16541 | ||